00357nam a2200133Ia 4500008004100000020001500041041001200056082001600068100001700084245008200101260002500183300000800208650000700216221030s9999 xx 000 0 und d a007451587X aEnglish a105.23bDho aP. S. Dhogal 0aBasic Electrical Engineering With Numerical Problems Vol. IIcby P. S. Dhogal bTMHaNew Delhic1997 a466 aEE